Teoría del curriculum: diseño, desarrollo e innovación curricular
Сохранить в:
| Главный автор: | |
|---|---|
| Формат: | |
| Язык: | испанский |
| Опубликовано: |
Madrid
Universitas
2000
|
| Редактирование: | 2a. ed |
| Предметы: | |
| Метки: |
Добавить метку
Нет меток, Требуется 1-ая метка записи!
|
MARC
| LEADER | 00000nam a2200000 a 4500 | ||
|---|---|---|---|
| 001 | UCL9557 | ||
| 003 | CL-VaPUC | ||
| 008 | 040813e20000000SP |||||||||||||||||spa|d | ||
| 020 | |a 8479910968 | ||
| 082 | 0 | 4 | |a 375 |b RUI |2 21 |
| 100 | 0 | |a Ruiz Ruiz, José María |e author |9 487428 | |
| 245 | 1 | 0 | |a Teoría del curriculum: diseño, desarrollo e innovación curricular |
| 250 | |a 2a. ed | ||
| 300 | |a 326 p | ||
| 942 | |c BK | ||
| 945 | |d 20040813 00:00:00 |a cmena | ||
| 260 | |a Madrid |b Universitas |c 2000 | ||
| 650 | 0 | |a Planificación del currículo |9 269599 | |
| 650 | 0 | |a Innovaciones pedagógicas |9 307471 | |
| 650 | 7 | |a EVALUACION CURRICULAR |2 CL-VaPUC |9 308585 | |
| 650 | 0 | |a Evaluación de la educación |9 237505 | |
| 650 | 0 | |a Reforma educacional |9 256319 | |
| 583 | |a last modification |c 20040813 00:00:00 |k Rodrigo Vera | ||
| 999 | |c 310307 |d 310305 | ||
| 952 | |0 0 |1 0 |4 0 |6 375_000000000000000_RUI_2000 |7 0 |8 A |9 378604 |a BIBEDU |b BIBEDU |d 2019-11-21 |i 4048180 |o 375 RUI 2000 |p 4048180 |r 2019-11-21 |w 2019-11-21 |y BK |k EPE | ||